000 00674nam a2200253Ia 4500
003 OSt
005 20221007110503.0
006 a|||||r|||| 00| 0
007 ta
008 221006b |||||||| |||| 00| 0 eng d
020 _a044499016X
024 _a21,216
037 _cTextual
040 _aLCO
_cLCO
_beng
041 _2eng
_aeng
082 _aY1:45:65, L5
100 _aGibbs Jack P.
245 0 _aCrime, Punishment and Deterrence
260 _aNew
_bYork Elsevier Scientific Publishing Company U.S.A.
_c1975
300 _a259
650 _aDETERRENCE
_9707553
942 _hY1:45:65, L5
_cTEXL
999 _c1190779
_d1190779